| 000 | 00556nam a2200169 i 4500 | ||
|---|---|---|---|
| 001 | 45289 | ||
| 003 | ES-MaACL | ||
| 005 | 20230906161207.0 | ||
| 007 | t| | ||
| 008 | 030325s1915 sp ||||1| spa d | ||
| 100 | 1 |
_aCoderque Navarro, Ramón. _939419 |
|
| 245 | 1 | 0 |
_aDos casos de falsa botriomicosis y otro de micosis cutánea / _cRamón Coderque. |
| 260 |
_aMadrid : _b[s.n.], _c1915 ( _fImp. Helénica) |
||
| 300 |
_a19 p., 3 lám. ; _c24 cm. |
||
| 594 | _aPrecede al tít.: Publicaciones de "Medicina y Libros Médicos" | ||
| 852 |
_aES-MaACL _j1501-F-14 |
||
| 999 |
_c45289 _d45289 |
||